000 004230000a22001810004500
003 MACL
005 20150821160422.0
008 150821b xxu||||| |||| 00| 0 eng d
040 _aMACL
_cMACL
041 _aEnglish
082 _a630
100 _aChoudhury, B.
_96576
245 _aVegetables
260 _bNatioal Book Trust
_c1967
_aNew Delhi
350 _a11.50
650 _aAgriculture
_96577
942 _cBK
_k630
_2ddc
999 _c7317
_d7317